Baby Names: Top 200 Girls Names of 2009 (USA) Quiz Stats

Quiz Updated Nov 3, 2016

Challenge
Share
Tweet
Embed
Score 0/200 Timer 15:00
1 Play Today
Rank % Correct
106Sara
78%
11Elizabeth
76.1%
21Sarah
75.1%
102Mary
75.1%
6Emily
74.9%
109Jennifer
73.6%
29Anna
72.5%
78Jessica
71.6%
2Emma
70.7%
90Rachel
67.9%
23Hannah
65.8%
60Katherine
65.2%
177Catherine
64.3%
159Kate
63.9%
46Lauren
63.3%
143Katie
62.1%
20Ashley
61.6%
15Samantha
60.9%
71Maria
60.8%
110Isabel
60.6%
3Olivia
59.5%
166Amanda
59%
132Rebecca
58.5%
50Julia
58%
130Amy
57.2%
105Megan
56.7%
104Michelle
56.7%
42Alexa
56%
7Madison
56%
119Nicole
55.7%
30Allison
54.3%
1Isabella
54.1%
31Victoria
53.9%
17Grace
52.6%
112Stephanie
52.3%
69Alexandra
51.6%
137Melissa
50.7%
8Abigail
50%
170Danielle
49.7%
4Sophia
48.5%
87Caroline
48.1%
9Chloe
48.1%
18Lily
47.8%
22Taylor
47.7%
16Natalie
47.1%
176Angel
46.9%
13Alexis
46.4%
5Ava
45.9%
65Sophie
45.1%
14Ella
45%
47Zoe
44.8%
66Kimberly
44.5%
194Erin
44.3%
92Molly
43%
58Bella
42.4%
28Leah
42.3%
53Claire
42.2%
35Kayla
42.1%
122Jenna
42%
187Margaret
41.9%
99Eva
41.8%
19Alyssa
41.8%
24Brianna
41.5%
68Charlotte
40.9%
73Andrea
40.8%
186Amber
39.1%
150Jordan
38.9%
Rank % Correct
64Madeline
38.8%
101Lucy
38.7%
56Morgan
38.6%
142Angela
38.3%
54Brooke
37.5%
165Diana
37.5%
100Isabelle
37.4%
10Mia
37.2%
123Haley
37%
80Faith
36.2%
25Hailey
35.7%
67Kaitlyn
35.4%
96Gabrielle
35.3%
51Jasmine
35.2%
91Vanessa
35%
93Melanie
34.8%
182Ana
34.5%
33Gabriella
34.5%
55Amelia
33.5%
12Addison
33.1%
89Katelyn
32.9%
49Audrey
32.6%
162Jacqueline
32%
61Kylie
32%
86Angelina
31.9%
97Paige
31.4%
183Marissa
31.3%
145Ellie
31.2%
200Alexandria
31.2%
27Lillian
30.9%
77Mackenzie
30.9%
39Evelyn
30.8%
117Lilly
30.3%
36Sofia
30%
38Riley
29.9%
129Jade
29.3%
75Zoey
28.7%
26Kaylee
28.6%
40Savannah
28.6%
85Bailey
28.5%
57Destiny
28.3%
37Brooklyn
28.2%
138Valerie
28.1%
157Jillian
28%
48Sydney
27.6%
151Briana
27.5%
41Aubrey
27.5%
62Maya
27.5%
32Avery
27.3%
181Miranda
26.8%
197Nora
26.3%
199Clara
25.9%
52Arianna
25.9%
81Autumn
25.6%
82Ariana
25.5%
153Daisy
24.1%
88Mariah
24%
59Madelyn
24%
141Violet
23.9%
108Ruby
23.6%
43Peyton
23.4%
44Makayla
23.3%
175Summer
23.3%
34Nevaeh
23.2%
103Natalia
23%
155Mckenzie
22.7%
198Sierra
22.4%
Rank % Correct
95Khloe
22.2%
156Annabelle
22.2%
113Jada
22.1%
160Leslie
22%
45Layla
21.8%
70Jocelyn
21.8%
107Naomi
21.6%
126Stella
21.5%
118Lydia
21.2%
189Miley
20.8%
168Lila
20.7%
136Daniela
20.7%
190Julianna
20.6%
84Payton
20.6%
115Gracie
20.5%
164Vivian
20.4%
125Adriana
20.4%
195Elena
20.3%
171Adrianna
20.2%
179Mikayla
20.1%
133Kendall
19.8%
98Mya
19.8%
173Alana
19.4%
74Trinity
19.4%
63Aaliyah
18.9%
139Gabriela
18.9%
111Sadie
18.9%
154Juliana
18.8%
124Jordyn
18.6%
167Shelby
18.5%
72Valeria
18.2%
146Ashlyn
17.2%
76Gianna
16.8%
196Sienna
16.8%
148Kylee
16.7%
188Jayden
16.7%
174Harper
16.5%
169Scarlett
16.5%
114Kennedy
16.5%
161Brooklynn
16.3%
131Hayden
16.1%
128Reagan
15.7%
172Makenzie
15.5%
163Izabella
15.4%
116Rylee
15.2%
121London
15.1%
147Piper
15.1%
120Liliana
14.9%
158Aliyah
14.6%
191Delilah
14.4%
140Keira
14.3%
152Lyla
14.2%
144Reese
14.2%
94Serenity
14.2%
184Cheyenne
14.1%
83Genesis
14%
79Camila
13.9%
135Laila
13.4%
127Jayla
13.1%
185Skylar
13%
178Alivia
12.7%
134Giselle
12.3%
192Malia
12%
193Eliana
11.8%
149Marley
11.8%
180Aniyah
9.7%

You're not logged in!

Compare scores with friends on all Sporcle quizzes.
Sign Up with Email
OR
Log In

You Might Also Like...

Show Comments

Extras

Top Quizzes Today


Score Distribution

Your Account Isn't Verified!

In order to create a playlist on Sporcle, you need to verify the email address you used during registration. Go to your Sporcle Settings to finish the process.